| 000 | 00874cam a22002295a 4500 | ||
|---|---|---|---|
| 003 | OSt | ||
| 005 | 20150823141905.0 | ||
| 008 | 110727s1997 ua g b 000 0 ara d | ||
| 040 |
_aEG-ScBUE _bara _dEG-ScBUE |
||
| 082 | 0 | 4 |
_a320.550962 _bن ا ي _222 |
| 100 | 1 |
_aنايل، صابر أحمد. _926462 |
|
| 245 | 1 | 2 |
_aالعلمانية فى مصر بين الصراع الدينى و السياسى : _b1950-1900 / _cصابر أحمد نايل. |
| 250 | _aط 1. | ||
| 260 |
_aالقاهرة : _bمركز الدراسات و المعلومات القانونية لحقوق الإنسان ، _c1997. |
||
| 300 |
_a247 ص، _c24سم. |
||
| 504 | _aببليوجرافية : ص 237. | ||
| 590 | _aMostafa El-Helaly doaa mohamed | ||
| 650 |
_aالعلمانية _98609 _2BUEsh |
||
| 651 | _2BUEsh | ||
| 653 |
_cAugust2015 _bARALIT |
||
| 942 |
_2ddc _cBB _k320.550962 ن ا ي |
||
| 999 |
_c15750 _d15750 |
||